Introducing data analysis for social scientists cDavid Rose, Orid Sullivan
| Main Author: | |
|---|---|
| Other Authors: | |
| Format: | Book |
| Published: |
Buckingham :
University Press ,
1993
|
| Subjects: |
MARC
| LEADER | 00000cam a2200000 7i4500 | ||
|---|---|---|---|
| 001 | 0000002709 | ||
| 002 | 000002937 | ||
| 005 | 20000330.0 | ||
| 020 | |a 0335097081 | ||
| 090 | 0 | 0 | |a 300.15195 |b ROS |
| 100 | 1 | |a Rose, David | |
| 245 | 1 | 0 | |a Introducing data analysis for social scientists cDavid Rose, Orid Sullivan |
| 260 | |a Buckingham : |b University Press , |c 1993 | ||
| 300 | |a 203p. : |b ill. ; |c 25cm. | ||
| 650 | 0 | 0 | |a Social sciences |x Research |
| 650 | 0 | 0 | |a Social sciences |x Statistical methods |
| 700 | 1 | |a Sullivan, Oriel | |
| 999 | |a 036298 |b BUKU |c PINJAMAN |e PERPUSTAKAAN KOMUNITI PETALING JAYA | ||